000 00393nam a2200169Ia 4500
003 GCL
008 140319s9999 xx 000 0 eng d
040 _aGCL /
_cGCL
082 0 4 _a411
_bH W
100 1 _aHEDGE, TRICIA
245 1 0 _aWRITING /
_cHEDGE, TRICIA
260 _a[S.N] :
_bELBS ،
_c1991
300 _a168 P
650 0 4 _aWRITING
650 0 4 _aENGLISH LANGUAGE
942 _2ddc
_cBK
999 _c10612
_d10612